Central Library OPAC University of Rajshahi

Crimes against women and protective laws / (Record no. 4740)

MARC details
000 -LEADER
fixed length control field 00975nam a2200301 a 4500
001 - CONTROL NUMBER
control field 4740
003 - CONTROL NUMBER IDENTIFIER
rucl marc code BD-RjUL
005 - DATE AND TIME OF LATEST TRANSACTION
control field 20211208233940.0
008 - FIXED-LENGTH DATA ELEMENTS--GENERAL INFORMATION
fixed length control field 131223s1999 ii a b 001 0 eng
020 ## - INTERNATIONAL STANDARD BOOK NUMBER
International Standard Book Number 817100797X
035 ## - SYSTEM CONTROL NUMBER
System control number (BD-RjUL)4775
040 ## - CATALOGING SOURCE
Original cataloging agency DLC
Transcribing agency DLC
Language of cataloging eng
Modifying agency BD-RjUL
041 ## - LANGUAGE CODE
Language code of text/sound track or separate title eng
082 00 - DEWEY DECIMAL CLASSIFICATION NUMBER
Classification number 345.540253
-- 345.405253
Edition number 20
Author mark and year SAC
100 1# - MAIN ENTRY--PERSONAL NAME
Personal name Saxena, Shobha.
9 (RLIN) 14948
245 10 - TITLE STATEMENT
Title Crimes against women and protective laws /
Statement of responsibility, etc. Shobha Saxena.
260 ## - PUBLICATION, DISTRIBUTION, ETC. (IMPRINT)
Place of publication, distribution, etc. New Delhi :
Name of publisher, distributor, etc. Deep & Deep Publications,
Date of publication, distribution, etc. c1999.
300 ## - PHYSICAL DESCRIPTION
Pagination xxvi, 448 p. :
Illustrations ill. ;
Size 22 cm.
504 ## - BIBLIOGRAPHY, ETC. NOTE
Bibliography, etc Includes bibliographical references (p. [436]-442) and index.
650 #0 - SUBJECT ADDED ENTRY--TOPICAL TERM
Topical term or geographic name as entry element Sex crimes
Geographic subdivision India.
9 (RLIN) 14949
Topical term or geographic name as entry element Women
General subdivision Crimes against
Geographic subdivision India.
9 (RLIN) 14950
Topical term or geographic name as entry element Rape
Geographic subdivision India.
9 (RLIN) 14951
Topical term or geographic name as entry element Wife abuse
Geographic subdivision India.
9 (RLIN) 5563
Topical term or geographic name as entry element Sexual harassment of women
General subdivision Law and legislation
Geographic subdivision India.
9 (RLIN) 14952
942 ## - ADDED ENTRY ELEMENTS (KOHA)
Source of classification or shelving scheme Dewey Decimal Classification
Koha item type Books
Holdings
Lost status Source of classification or shelving scheme Damaged status Not for loan Collection code Permanent Location Current Location Shelving location Date acquired Source of acquisition Cost, normal purchase price Total Checkouts Full call number Date last seen Copy number Koha item type
  Dewey Decimal Classification   Not For Loan Non-fiction Central Library, University of Rajshahi Central Library, University of Rajshahi   29/03/2000 Lucky Syndicate, Dhaka 400.00   345.540253 SAC 1999 23/12/2013 C-1 Books